Ambulatory care visits to physician offices, hospital outpatient departments, and emergency departments : United States, 1996 /

Bibliographic Details
Main Author: Schappert, Susan M.
Corporate Author: National Center for Health Statistics (U.S.)
Format: Government Document Book
Language:English
Published: Hyattsville, Md. : U.S. Dept. of Health and Human Services, Centers for Disease Control and Prevention, National Center for Health Statistics ; [1998]
Series:DHHS publication ; no. (PHS) 98-1795.
Vital and health statistics. Data from the National Health Survey ; no. 134.
Subjects:
Online Access:Adobe Acrobat Reader required to view document

MARC

Tag First Indicator Second Indicator Subfields
LEADER 00000cam a2200000 a 4500
001 in00000002507
008 980326s1998 mdua bs f000 0 eng d
005 20230309222528.1
010 |z  97010617 
020 |a 0160494737 :  |c $3.75 
035 |a (OCoLC)38849292 
035 |9 AJD1027AM 
035 |a in00000002507 
037 |a 017-022-01409-2  |b GPO 
040 |d SEN  |d GAO  |d GZM  |d GPO  |d DLC  |d MvI  |d UtOrBLW 
043 |a n-us--- 
049 |a UDOC  |a UDOC 
074 |a 0500-E 
074 |a 0500-E (online) 
086 0 |a HE 20.6209:13/134 
090 |a RA407.3  |b .S32 
100 1 |a Schappert, Susan M. 
245 1 0 |a Ambulatory care visits to physician offices, hospital outpatient departments, and emergency departments :  |b United States, 1996 /  |c [Susan M. Schappert]. 
264 1 |a Hyattsville, Md. :  |b U.S. Dept. of Health and Human Services, Centers for Disease Control and Prevention, National Center for Health Statistics ;  |c [1998] 
264 2 |a Washington, DC :  |b For sale by the U.S. G.P.O., Supt. of Docs., 
300 |a iv, 37 pages :  |b illustrations ;  |c 28 cm. 
336 |a text  |b txt  |2 rdacontent 
337 |a unmediated  |b n  |2 rdamedia 
338 |a volume  |b nc  |2 rdacarrier 
490 1 |a DHHS publication ;  |v no. (PHS) 98-1795 
490 1 |a Vital and health statistics. Series 13,  |a Data from the National Health Care Survey ;  |v no. 134 
500 |a Shipping list number: 98-0184-P. 
500 |a "February 1998." 
504 |a Includes bibliographical references (page 8). 
530 |a Also available via Internet from the NCHS web site (PDF file only). 
650 0 |a Ambulatory medical care  |x Utilization  |x Reporting  |z United States. 
650 2 |a Ambulatory Care  |z United States  |v statistics. 
650 2 |a Ambulatory Care Facilities  |z United States  |v statistics. 
650 2 |a Office Visits  |z United States  |v statistics. 
710 2 |a National Center for Health Statistics (U.S.) 
830 0 |a DHHS publication ;  |v no. (PHS) 98-1795. 
830 0 |a Vital and health statistics.  |n Series 13,  |p Data from the National Health Survey ;  |v no. 134. 
856 4 1 |u https://purl.fdlp.gov/GPO/LPS1764  |z Adobe Acrobat Reader required to view document  |t 0 
999 |a MARS 
999 f f |i 4801b8a1-5012-3b23-a9a5-b7d401ce6e4d  |s de76bc63-37da-3f18-8be5-fb7b9b7c189c  |t 0 
952 f f |a Texas A&M University  |b College Station  |c Electronic Resources  |d Available Online  |t 0  |e HE 20.6209:13/134  |h Superintendent of Documents classification 
998 f f |a HE 20.6209:13/134  |t 0  |l Available Online